000 00622nam a2200265Ia 4500
005 20260306163922.0
008 008 260114s9999 xx 000 0 eng d
020 _a9781936190065
037 _aEBOOK
040 _aCRL
040 _beng
040 _cCRL
041 _2eng
041 _aeng
084 _qCRL
100 _aManniche
_91129629
245 4 _aThe Akhenaten Colossi Of Karnak
260 _bAmerican University in Cairo Press
260 _c2011
650 _aSocial Work
856 _uhttps://academic.oup.com/book/18547
942 _cEBOOK
999 _c1712015
_d1712015